| 000 | 02160nam0a2200373 4500 | ||
|---|---|---|---|
| 001 | RU\NLR\BIBL_A\012693234 | ||
| 005 | 20220318154107.0 | ||
| 010 |
_a978-5-9266-1716-7 _9200 |
||
| 021 |
_aRU _bКН-П-21-066195 _9КН-П-21-5227 |
||
| 035 | _a(NLR Aleph) 012693234 | ||
| 035 | _a(RuMoRGB)010816431 | ||
| 090 |
_a12853873 _c12853873 |
||
| 100 | _a20220125d2021 u y0rusy50 ca | ||
| 101 | 0 | _arus | |
| 102 | _aRU | ||
| 105 | _aa|||j|||000zy | ||
| 181 | 0 |
_ai3 _baxxe |
|
| 182 | 0 | _an | |
| 200 | 1 |
_aОсновы оказания первой помощи сотрудниками органов внутренних дел _eучебно-практическое пособие _eдля профессорско-преподавательского состава, курсантов, слушателей образовательных организаций МВД России и сотрудников органов внутренних дел Российской Федерации _fА. И. Тузов, Е. Е. Власенко _gКраснодарский университет МВД России |
|
| 203 |
_aТекст _bвизуальный _cнепосредственный |
||
| 210 |
_aКраснодар _cКраснодарский университет МВД России _d2021 |
||
| 215 |
_a80 с. _cил. _d20 |
||
| 320 | _aБиблиогр.: с. 73 (8 назв.) и в подстроч. примеч. | ||
| 606 | 1 |
_aПервая помощь _jУчебно-методические пособия _2nlr_sh1 _2nlr_sh2 _3RU\NLR\AUTH\6660376 |
|
| 606 | 1 |
_aОрганы внутренних дел _xКадры _xПодготовка _yРоссийская Федерация _jУчебно-методические пособия _2nlr_sh1 _2nlr_sh2 _3RU\NLR\AUTH\661260632 |
|
| 675 |
_a616-083.98(075) _v4 |
||
| 686 | 1 | _aХ621.163.01я7 | |
| 686 | 1 | _aР35,31я7 | |
| 700 | 1 |
_aТузов _bА. И. _gАлександр Иванович |
|
| 701 | 1 |
_aВласенко _bЕ. Е. _gЕлена Евгеньевна |
|
| 942 | _cBOOK | ||
| 980 | _aNB | ||